[Event "2. Bundesliga West 2011/12"]
[Site "Absam"]
[Date "2011.10.08"]
[Round "2"]
[Board "6"]
[White "Koell, Hannes"]
[Black "Jedinger, Andreas"]
[Result "0-1"]
[WhiteElo "2071"]
[BlackElo "2191"]
[PlyCount "154"]
[EventDate "2011.10.07"]
[EventType "team"]
[EventRounds "11"]
[EventCountry "AUT"]
[WhiteTeam "Schwaz"]
[BlackTeam "Rochade Rum"]

1.d4 Nf6 2.Nf3 g6 3.c4 Bg7 4.Nc3 d6 5.Bg5 h6 6.Bh4 O-O 7.e3 c6 8.Be2 a6 9.O-O b5
10.b4 bxc4 11.Bxc4 a5 12.a3 Ba6 13.Qe2 g5 14.Bg3 Nfd7 15.h4 Bxc4 16.Qxc4 g4
17.Nd2 Qc8 18.f3 gxf3 19.Nxf3 Qa6 20.Qxa6 Rxa6 21.Rfb1 axb4 22.axb4 Rc8 23.Ra5
Rc7 24.Rba1 Rb6 25.b5 Rcb7 26.Ra7 Nf6 27.Rxb7 Rxb7 28.bxc6 Nxc6 29.Rb1 Rxb1+
30.Nxb1 Ne4 31.Bh2 h5 32.Nbd2 Nxd2 33.Nxd2 d5 34.Kf2 Kh7 35.Nf3 Kg6 36.Ng5 Bf6
37.Bf4 Bxg5 38.Bxg5 Kf5 39.Kf3 e6 40.Bf4 Na5 41.Bc7 Nc4 42.g3 Nd2+ 43.Ke2 Ne4
44.Kf3 Nf6 45.Be5 Ng4 46.Bc7 f6 47.Bb8 e5 48.Bc7 Nh6 49.Bd6 e4+ 50.Kg2 Ke6
51.Bf4 Ng4 52.Kf1 Kd7 53.Ke2 Kc6 54.Kd2 Kb5 55.Kc3 Ka4 56.Kd2 Kb3 57.Bd6 Kc4
58.Bf4 f5 59.Bd6 Nf2 60.Bc7 Kb3 61.Bb8 Nd3 62.Bd6 Nb2 63.Bb8 Nc4+ 64.Ke2 Kc2
65.Bc7 Nd2 66.Bf4 Nb1 67.Bg5 Nc3+ 68.Ke1 Kd3 69.Bh6 Nb5 70.Bg5 Na3 71.Bh6 Nc2+
72.Kf2 Kd2 73.Bg5 Nb4 74.Bh6 Nd3+ 75.Kf1 Nb2 76.Kf2 Nd1+ 77.Kf1 Kd3 0-1

[Event "2. Bundesliga West 2011/12"]
[Site "Hohenems"]
[Date "2011.10.08"]
[Round "2"]
[Board "2"]
[White "Novkovic, Milan"]
[Black "Dobosz, Henryk"]
[Result "1/2-1/2"]
[WhiteElo "2381"]
[BlackElo "2396"]
[PlyCount "95"]
[EventDate "2011.10.07"]
[EventType "team"]
[EventRounds "11"]
[EventCountry "AUT"]
[WhiteTeam "Hohenems 2"]
[BlackTeam "Bregenz"]

1.d4 d6 2.c4 g6 3.Nc3 Bg7 4.e4 e5 5.Nge2 Nc6 6.d5 Nd4 7.Be3 Nxe2 8.Bxe2 f5
9.exf5 gxf5 10.f4 Ne7 11.O-O O-O 12.g3 c5 13.dxc6 bxc6 14.Qd2 e4 15.Rfd1 d5
16.cxd5 cxd5 17.Nxd5 Nxd5 18.Bc4 Be6 19.Bxd5 Bxd5 20.Qxd5+ Qxd5 21.Rxd5 Bxb2
22.Rb1 Rab8 23.Kg2 Rf7 24.Ra5 Rbb7 25.Kh3 h6 26.Rxa7 Rxa7 27.Bxa7 Rxa7 28.Rxb2
Kf7 29.Kh4 Ke6 30.Kh5 Kd5 31.Kxh6 e3 32.Kg6 Re7 33.Re2 Ke4 34.g4 fxg4 35.f5 Kf3
36.f6 Re6 37.Re1 Kf2 38.Ra1 e2 39.Kg7 e1=Q 40.Rxe1 Rxe1 41.f7 Re7 42.Kf6 Rxf7+
43.Kxf7 Kg2 44.a4 Kxh2 45.a5 g3 46.a6 g2 47.a7 g1=Q 48.a8=Q 1/2-1/2

[Event "2. Bundesliga West 2011/12"]
[Site "Hohenems"]
[Date "2011.10.08"]
[Round "2"]
[Board "3"]
[White "Bezler, Rainer"]
[Black "Atlas, Dmitry"]
[Result "1/2-1/2"]
[WhiteElo "2218"]
[BlackElo "2291"]
[PlyCount "67"]
[EventDate "2011.10.07"]
[EventType "team"]
[EventRounds "11"]
[EventCountry "AUT"]
[WhiteTeam "Bregenz"]
[BlackTeam "Hohenems 2"]

1.d4 e6 2.c4 d5 3.Nc3 Nf6 4.cxd5 exd5 5.Bg5 Be7 6.e3 O-O 7.Bd3 c6 8.Qc2 Nbd7
9.Nge2 b5 10.O-O Re8 11.a4 b4 12.Nb1 Bb7 13.Nd2 h6 14.Bxf6 Bxf6 15.Nb3 a5
16.Rfc1 g6 17.Nf4 Bg7 18.Be2 h5 19.Nd3 Qc7 20.Qd1 Bf8 21.Ndc5 Nxc5 22.Nxc5 Bc8
23.Bd3 Bd6 24.h3 Qe7 25.Qf3 Ra7 26.Rc2 Kg7 27.Rac1 Qh4 28.Bf1 Rh8 29.Qd1 Qe7
30.Nd3 Bd7 31.Nc5 Bc8 32.Nd3 Bd7 33.Nc5 Bc8 34.Nd3 1/2-1/2

[Event "2. Bundesliga West 2011/12"]
[Site "Hohenems"]
[Date "2011.10.08"]
[Round "2"]
[Board "4"]
[White "Gaertner, Guntram"]
[Black "Hugentobler, Patrick"]
[Result "1/2-1/2"]
[WhiteElo "2324"]
[BlackElo "2262"]
[PlyCount "107"]
[EventDate "2011.10.07"]
[EventType "team"]
[EventRounds "11"]
[EventCountry "AUT"]
[WhiteTeam "Hohenems 2"]
[BlackTeam "Bregenz"]

1.d4 Nf6 2.c4 g6 3.Nc3 d5 4.cxd5 Nxd5 5.Bd2 Nb6 6.Bg5 Bg7 7.e3 c5 8.dxc5 Bxc3+
9.bxc3 Qxd1+ 10.Rxd1 N6d7 11.Bb5 Nc6 12.Ne2 Nxc5 13.f3 f6 14.Bh4 Bd7 15.Nd4 Rc8
16.O-O Ne5 17.Bg3 Bxb5 18.Nxb5 Nc4 19.Nxa7 Ra8 20.Nb5 Kf7 21.Bf2 Ra5 22.Nc7 Rc8
23.Nd5 Rxa2 24.e4 Ne5 25.Rb1 Ned3 26.Bxc5 Nxc5 27.Rf2 Rxf2 28.Kxf2 e6 29.Nf4 Rc7
30.Ne2 e5 31.Ke3 Ke7 32.h4 Rd7 33.Rb5 Rc7 34.f4 Kd6 35.Rb6+ Rc6 36.Rxc6+ bxc6
37.g3 Ke6 38.Ng1 h6 39.Nf3 Nb7 40.fxe5 fxe5 41.g4 Nd6 42.Kd3 Kf6 43.g5+ hxg5
44.Nxg5 Ke7 45.Kc2 Kf6 46.Kb3 Ke7 47.Kb4 Nb7 48.Nf3 Kf6 49.Kc4 Ke6 50.Kd3 Nd6
51.Nd2 Nb7 52.Kc4 Kf6 53.Nf3 Nd6+ 54.Kd3 1/2-1/2

[Event "2. Bundesliga West 2011/12"]
[Site "Hohenems"]
[Date "2011.10.08"]
[Round "2"]
[Board "5"]
[White "Karrer, Damian"]
[Black "Burschowsky, Matthias"]
[Result "1-0"]
[WhiteElo "2181"]
[BlackElo "2229"]
[PlyCount "93"]
[EventDate "2011.10.07"]
[EventType "team"]
[EventRounds "11"]
[EventCountry "AUT"]
[WhiteTeam "Bregenz"]
[BlackTeam "Hohenems 2"]

1.e4 c5 2.Nf3 e6 3.d4 cxd4 4.Nxd4 a6 5.c4 Nf6 6.Nc3 Qc7 7.a3 b6 8.Be3 Bb7 9.f3
Be7 10.Be2 O-O 11.Rc1 d6 12.O-O Nbd7 13.Kh1 Rac8 14.b4 Rfd8 15.Nb3 Qb8 16.Qd4
Ne8 17.Qd2 Nc7 18.Rfd1 Bf6 19.Bf1 Bxc3 20.Rxc3 d5 21.exd5 exd5 22.c5 bxc5
23.Nxc5 Nxc5 24.Rxc5 Ne6 25.Rxc8 Rxc8 26.Rc1 Rxc1 27.Qxc1 d4 28.Bf2 Qd8 29.Qc4
h5 30.a4 Qf6 31.Qe2 h4 32.h3 Nf4 33.Qe8+ Kh7 34.Qd7 Bd5 35.Be1 Be6 36.Qd6 g5
37.Qxa6 Qe5 38.Bd2 Nh5 39.Kg1 Ng3 40.Qb5 Bd5 41.Bc4 d3 42.Qxd5 Qa1+ 43.Kf2 Qf1+
44.Ke3 Qe2+ 45.Kd4 Qxd2 46.Qxf7+ Kh6 47.Qf8+ 1-0

[Event "2. Bundesliga West 2011/12"]
[Site "Hohenems"]
[Date "2011.10.08"]
[Round "2"]
[Board "6"]
[White "Medwed, Kai"]
[Black "Matt, Fabian"]
[Result "0-1"]
[WhiteElo "1950"]
[BlackElo "2169"]
[PlyCount "109"]
[EventDate "2011.10.07"]
[EventType "team"]
[EventRounds "11"]
[EventCountry "AUT"]
[WhiteTeam "Hohenems 2"]
[BlackTeam "Bregenz"]

1.e4 e5 2.Nf3 Nc6 3.d4 exd4 4.Nxd4 Qh4 5.Nc3 Bb4 6.Be2 Qxe4 7.Ndb5 Bxc3+ 8.bxc3
Kd8 9.O-O a6 10.Nd4 Nge7 11.Bf3 Qg6 12.Re1 d6 13.Rb1 Nxd4 14.Qxd4 Nc6 15.Qh4+ f6
16.Bf4 Ra7 17.Re2 Ne7 18.Bg3 Nf5 19.Qc4 b5 20.Qd3 Nxg3 21.hxg3 Qxd3 22.cxd3 Bb7
23.Bxb7 Rxb7 24.a4 Re8 25.Reb2 c6 26.c4 Kc7 27.axb5 axb5 28.cxb5 Reb8 29.Re2
cxb5 30.Rb4 Kc6 31.Ree4 Kc5 32.Kf1 Ra8 33.Rb2 d5 34.Reb4 Re8 35.d4+ Kc6 36.Rc2+
Kd6 37.f3 Ra8 38.Rc5 Ra5 39.g4 g6 40.Kf2 h6 41.Ke3 Ra3+ 42.Kf4 Rd3 43.Rc8 Rc7
44.Rh8 Rc4 45.Rxb5 Rdxd4+ 46.Ke3 f5 47.gxf5 gxf5 48.Rb6+ Kc5 49.Rhxh6 f4+ 50.Ke2
Rc2+ 51.Ke1 Rdc4 52.Rbc6+ Kd4 53.Rxc4+ Kxc4 54.Rf6 Kd3 55.Rf5 0-1

[Event "2. Bundesliga West 2011/12"]
[Site "Hohenems"]
[Date "2011.10.08"]
[Round "2"]
[Board "1"]
[White "Eisenbeiser, Amadeus"]
[Black "Deglmann, Ludwig"]
[Result "1-0"]
[WhiteElo "2409"]
[BlackElo "2324"]
[PlyCount "63"]
[EventDate "2011.10.07"]
[EventType "team"]
[EventRounds "11"]
[EventCountry "AUT"]
[WhiteTeam "Goetzis"]
[BlackTeam "Sparkasse Jenbach 2"]

1.d4 Nf6 2.Nf3 e6 3.c3 c5 4.e3 b6 5.Bd3 Bb7 6.Nbd2 Nc6 7.O-O Qc7 8.Re1 g5 9.Nc4
g4 10.Nfd2 O-O-O 11.Nf1 cxd4 12.exd4 Nd5 13.Be4 Nce7 14.Ne5 f5 15.Bxd5 Nxd5
16.Nf7 Rg8 17.c4 Nf6 18.Nxd8 Kxd8 19.Qe2 Bd6 20.d5 exd5 21.Bf4 d4 22.Qe7+ Bxe7
23.Bxc7+ Kxc7 24.Rxe7 Be4 25.Rf7 Rg6 26.Nd2 Bc2 27.f3 d3 28.Kf2 h5 29.Re1 Kd6
30.Ree7 Kc5 31.Rg7 Rh6 32.Re5+ 1-0

[Event "2. Bundesliga West 2011/12"]
[Site "Hohenems"]
[Date "2011.10.08"]
[Round "2"]
[Board "2"]
[White "Reich, Thomas"]
[Black "Krassowizkij, Jaroslaw"]
[Result "1/2-1/2"]
[WhiteElo "2388"]
[BlackElo "2356"]
[PlyCount "61"]
[EventDate "2011.10.07"]
[EventType "team"]
[EventRounds "11"]
[EventCountry "AUT"]
[WhiteTeam "Sparkasse Jenbach 2"]
[BlackTeam "Goetzis"]

1.e4 c6 2.d4 d5 3.exd5 cxd5 4.c4 Nf6 5.Nc3 Nc6 6.Nf3 Bg4 7.cxd5 Nxd5 8.Qb3 Bxf3
9.gxf3 e6 10.Qxb7 Nxd4 11.Bb5+ Nxb5 12.Qc6+ Ke7 13.Qxb5 Qd7 14.Qe2 Nxc3 15.bxc3
f6 16.O-O Kf7 17.Rd1 Qc6 18.Qe4 Qxe4 19.fxe4 Be7 20.Be3 Rhd8 21.Kg2 a6 22.c4 Ke8
23.Rxd8+ Kxd8 24.Rb1 Rc8 25.c5 Bxc5 26.Rd1+ Ke7 27.Rc1 Kd6 28.Rd1+ Ke7 29.Rc1
Kd6 30.Rd1+ Ke7 31.Rc1 1/2-1/2

[Event "2. Bundesliga West 2011/12"]
[Site "Hohenems"]
[Date "2011.10.08"]
[Round "2"]
[Board "4"]
[White "Hoellrigl, Wilfried"]
[Black "Schmidlechner, Alexander"]
[Result "1/2-1/2"]
[WhiteElo "2186"]
[BlackElo "2273"]
[PlyCount "83"]
[EventDate "2011.10.07"]
[EventType "team"]
[EventRounds "11"]
[EventCountry "AUT"]
[WhiteTeam "Sparkasse Jenbach 2"]
[BlackTeam "Goetzis"]

1.e4 c5 2.Nf3 e6 3.c3 Nf6 4.e5 Nd5 5.Bc4 Nb6 6.Bb3 Nc6 7.O-O d6 8.exd6 Bxd6 9.d4
cxd4 10.cxd4 O-O 11.Re1 Bd7 12.Nc3 Nb4 13.a3 N4d5 14.Bc2 Bc6 15.Qd3 g6 16.Ne5
Nd7 17.Nxc6 bxc6 18.Ne4 Be7 19.Bh6 Re8 20.Rac1 Qb6 21.Ba4 Rec8 22.Re2 Rc7
23.Rec2 Rac8 24.Nc5 Nxc5 25.dxc5 Qb7 26.b4 a6 27.g3 Rd8 28.Qe2 Rcd7 29.h4 Nc7
30.Rc3 Nb5 31.Qe5 Bf8 32.Bxf8 Rxf8 33.Rf3 Rd5 34.Qe3 Nd4 35.Rf4 e5 36.Rf6 Kg7
37.Rd6 Nf5 38.Bxc6 Qe7 39.Qe4 Rxd6 40.cxd6 Qxd6 41.Qd5 Qf6 42.Bb7 1/2-1/2

[Event "2. Bundesliga West 2011/12"]
[Site "Hohenems"]
[Date "2011.10.08"]
[Round "2"]
[Board "5"]
[White "Kranz, Armin"]
[Black "Czoeppan, Thomas"]
[Result "1/2-1/2"]
[WhiteElo "2100"]
[BlackElo "2049"]
[PlyCount "60"]
[EventDate "2011.10.07"]
[EventType "team"]
[EventRounds "11"]
[EventCountry "AUT"]
[WhiteTeam "Goetzis"]
[BlackTeam "Sparkasse Jenbach 2"]

1.d4 Nf6 2.Nf3 d5 3.c4 c6 4.e3 Bf5 5.Nc3 e6 6.Nh4 Be4 7.f3 Bg6 8.Nxg6 hxg6 9.Qb3
Qc7 10.g3 Bd6 11.f4 Ng4 12.h3 f5 13.Bd2 Nd7 14.Bg2 Ngf6 15.O-O-O Qb6 16.Qa4 Bb4
17.Kb1 Bxc3 18.Bxc3 Kf7 19.Bf3 Ne4 20.Bxe4 fxe4 21.g4 Qc7 22.cxd5 exd5 23.Be1
Nf6 24.Bg3 Nd7 25.Qc2 Nf6 26.Qg2 Qd7 27.Rhf1 Rh7 28.f5 g5 29.Rh1 Rah8 30.Rh2 Qe7
1/2-1/2

[Event "2. Bundesliga West 2011/12"]
[Site "Hohenems"]
[Date "2011.10.08"]
[Round "2"]
[Board "6"]
[White "Schnegg, Anna-Lena"]
[Black "Langwieser, Alexander"]
[Result "1/2-1/2"]
[WhiteElo "2017"]
[BlackElo "2045"]
[PlyCount "59"]
[EventDate "2011.10.07"]
[EventType "team"]
[EventRounds "11"]
[EventCountry "AUT"]
[WhiteTeam "Sparkasse Jenbach 2"]
[BlackTeam "Goetzis"]

1.g3 d5 2.f4 e6 3.Bg2 Nf6 4.Nf3 Bd6 5.O-O O-O 6.d3 b6 7.Qe1 Bb7 8.Nc3 Nbd7 9.e4
dxe4 10.Ng5 Bb4 11.Ngxe4 Nxe4 12.Bxe4 Bxe4 13.Qxe4 Bc5+ 14.Be3 Nf6 15.Qf3 Bd4
16.Bxd4 Qxd4+ 17.Kg2 Qb4 18.Rab1 Rfe8 19.a3 Qc5 20.Rf2 Rad8 21.Re1 a6 22.h3 Rd6
23.Re5 Qc6 24.Rfe2 Qxf3+ 25.Kxf3 Nd7 26.R5e3 f5 27.Re1 Re7 28.R1e2 Re8 29.Re1
Re7 30.R1e2 1/2-1/2

[Event "2. Bundesliga West 2011/12"]
[Site "Salzburg"]
[Date "2011.10.08"]
[Round "2"]
[Board "1"]
[White "Westermeier, Arnulf"]
[Black "Brumen, Dinko"]
[Result "1/2-1/2"]
[WhiteElo "2260"]
[BlackElo "2347"]
[PlyCount "64"]
[EventDate "2011.10.07"]
[EventType "team"]
[EventRounds "11"]
[EventCountry "AUT"]
[WhiteTeam "ASK Salzburg"]
[BlackTeam "Schwarzach"]

1.e4 c5 2.Nf3 Nc6 3.d4 cxd4 4.Nxd4 e5 5.Nb5 d6 6.N1c3 a6 7.Na3 b5 8.Nd5 Nce7
9.c4 Nxd5 10.exd5 bxc4 11.Nxc4 f5 12.Bd2 a5 13.Be2 Nf6 14.O-O Be7 15.Qa4+ Bd7
16.Qa3 Qb8 17.Rfd1 Nxd5 18.Bg5 Nf4 19.Bxf4 exf4 20.Bf3 Ra6 21.Re1 Kf8 22.Rad1 h5
23.Bd5 Rh6 24.Qf3 Bg5 25.h4 Bxh4 26.Qxf4 Bf6 27.Be6 Be5 28.Qxf5+ Rf6 29.Nxe5
dxe5 30.Qd3 Raxe6 31.Qxd7 Qxb2 32.Rd2 Qb6 1/2-1/2

[Event "2. Bundesliga West 2011/12"]
[Site "Salzburg"]
[Date "2011.10.08"]
[Round "2"]
[Board "2"]
[White "Hecht, Hans-Joachim"]
[Black "Roth, Peter"]
[Result "1-0"]
[WhiteElo "2383"]
[BlackElo "2262"]
[PlyCount "91"]
[EventDate "2011.10.07"]
[EventType "team"]
[EventRounds "11"]
[EventCountry "AUT"]
[WhiteTeam "Schwarzach"]
[BlackTeam "ASK Salzburg"]

1.d4 e6 2.c4 f5 3.g3 Nf6 4.Bg2 Be7 5.Nf3 d6 6.O-O O-O 7.Nc3 Qe8 8.Rb1 a5 9.Qc2
c6 10.a3 Qg6 11.b4 axb4 12.axb4 Ne4 13.c5 Nxc3 14.Qxc3 d5 15.Bf4 Qh5 16.Qe3 h6
17.h4 Qe8 18.Ne5 Bf6 19.Nd3 Kh8 20.Bf3 Bd7 21.Kg2 Ra3 22.Ra1 Rxa1 23.Rxa1 Na6
24.Bd6 Rg8 25.Rb1 Qc8 26.Nf4 Nc7 27.Bxc7 Qxc7 28.Nxe6 Bxe6 29.Qxe6 Bxd4 30.Qxf5
Qe7 31.h5 Rf8 32.Qd3 Be5 33.Rd1 Bf6 34.Rd2 Qe5 35.Rc2 Ra8 36.Qg6 Qe8 37.Qf5 Qe5
38.Qg6 Qe8 39.Ra2 Qd8 40.Rxa8 Qxa8 41.Qf7 Bc3 42.b5 Bb4 43.e4 Bxc5 44.exd5 cxd5
45.Bxd5 Qf8 46.Qxf8+ 1-0

[Event "2. Bundesliga West 2011/12"]
[Site "Salzburg"]
[Date "2011.10.08"]
[Round "2"]
[Board "3"]
[White "Juergens, Klaus"]
[Black "Ljubic, Juro"]
[Result "1/2-1/2"]
[WhiteElo "2165"]
[BlackElo "2190"]
[PlyCount "81"]
[EventDate "2011.10.07"]
[EventType "team"]
[EventRounds "11"]
[EventCountry "AUT"]
[WhiteTeam "ASK Salzburg"]
[BlackTeam "Schwarzach"]

1.e4 c5 2.Nc3 Nc6 3.g3 g6 4.Bg2 Bg7 5.d3 d6 6.Be3 Bd7 7.Qd2 b5 8.Nxb5 Rb8 9.c4
Ne5 10.Nf3 Nxf3+ 11.Bxf3 Bxb5 12.cxb5 Rxb5 13.Rb1 e6 14.Bd1 Qa5 15.Qxa5 Rxa5
16.O-O Ne7 17.b4 cxb4 18.Rxb4 O-O 19.Ra4 Rxa4 20.Bxa4 Nc8 21.Bc6 Nb6 22.a4 Rc8
23.Rc1 Bb2 24.Rc2 Rc7 25.Rxb2 Rxc6 26.Bh6 Rc5 27.Be3 Rc6 28.a5 Nc8 29.Bh6 Rc7
30.Rb8 f6 31.a6 Kf7 32.Rb7 Re7 33.Be3 Ke8 34.Bd2 Rd7 35.Ba5 Ne7 36.Rb8+ Kf7
37.Rh8 Kg7 38.Rb8 Kf7 39.Rb7 Ke8 40.Rb8+ Kf7 41.Rb7 1/2-1/2

[Event "2. Bundesliga West 2011/12"]
[Site "Salzburg"]
[Date "2011.10.08"]
[Round "2"]
[Board "4"]
[White "Huber, David"]
[Black "Besner, Bernhard"]
[Result "0-1"]
[WhiteElo "2128"]
[BlackElo "2175"]
[PlyCount "130"]
[EventDate "2011.10.07"]
[EventType "team"]
[EventRounds "11"]
[EventCountry "AUT"]
[WhiteTeam "Schwarzach"]
[BlackTeam "ASK Salzburg"]

1.Nc3 d5 2.d3 e5 3.g3 Nf6 4.Bg2 Nc6 5.Bg5 Be6 6.e4 Bb4 7.a3 Bxc3+ 8.bxc3 Qd6
9.Bxf6 gxf6 10.Qf3 O-O-O 11.Qxf6 Qc5 12.Ne2 d4 13.cxd4 Qa5+ 14.c3 Nxd4 15.Rc1
Nxe2 16.Kxe2 Qa6 17.Qg5 Qxd3+ 18.Ke1 Bc4 19.Qe3 Qxe3+ 20.fxe3 Rd3 21.Bf1 Rxe3+
22.Kf2 Rxe4 23.Kf3 Bd5 24.Kf2 Ra4 25.Bh3+ Kb8 26.Rhd1 c6 27.Re1 Re8 28.Bf5 h6
29.Ra1 Kc7 30.Ke3 b5 31.Rf1 Re7 32.Bd3 e4 33.Be2 Bc4 34.Rf6 Bxe2 35.Kxe2 Rc4
36.Rc1 h5 37.Rf5 h4 38.gxh4 e3 39.h5 Rh4 40.Rh1 Rh3 41.Rf3 Rxh5 42.Rxe3 Rxe3+
43.Kxe3 Rh3+ 44.Kd2 Kd6 45.Kc2 Kc5 46.Kb3 a5 47.a4 b4 48.Rc1 f5 49.Rc2 f4 50.Kb2
Kd5 51.cxb4 axb4 52.a5 c5 53.Rf2 Kc6 54.a6 Kb6 55.a7 Kxa7 56.Rxf4 Rxh2+ 57.Kb3
Rh6 58.Kc4 Kb6 59.Rg4 Rd6 60.Rh4 Rd4+ 61.Rxd4 cxd4 62.Kxd4 Kb5 63.Kd3 Ka4 64.Kc2
Ka3 65.Kb1 Kb3 0-1

[Event "2. Bundesliga West 2011/12"]
[Site "Salzburg"]
[Date "2011.10.08"]
[Round "2"]
[Board "5"]
[White "Loeffler, Christoph"]
[Black "Stoeckl, Norbert"]
[Result "1-0"]
[WhiteElo "2161"]
[BlackElo "2057"]
[PlyCount "91"]
[EventDate "2011.10.07"]
[EventType "team"]
[EventRounds "11"]
[EventCountry "AUT"]
[WhiteTeam "ASK Salzburg"]
[BlackTeam "Schwarzach"]

1.e4 c5 2.Nc3 e6 3.f4 Nc6 4.Nf3 g6 5.g3 Bg7 6.Bg2 Nge7 7.O-O O-O 8.d3 d6 9.Qe2
Rb8 10.Qf2 b5 11.Be3 b4 12.Nd1 Bd7 13.g4 f5 14.gxf5 gxf5 15.e5 dxe5 16.Bxc5 exf4
17.Bd6 Rc8 18.Bxf4 Nd5 19.Bg5 Qb6 20.Qxb6 Nxb6 21.c3 Na4 22.d4 bxc3 23.bxc3 Nxc3
24.Nxc3 Nxd4 25.Rad1 Rxc3 26.Nxd4 Ba4 27.Rd2 h6 28.Nxe6 hxg5 29.Nxf8 Bxf8
30.Bd5+ Kg7 31.Rxf5 Bc5+ 32.Kg2 Be3 33.Rb2 Kg6 34.Rf1 Bb6 35.Be4+ Kg7 36.Rf5 Kh6
37.Rf6+ Kh5 38.Rb4 Bd7 39.Bg6+ Kh6 40.Bf5+ Kg7 41.Rfxb6 Bxf5 42.Ra6 Bh3+ 43.Kf2
Rc2+ 44.Ke3 Bg2 45.Rg4 Bf1 46.Rxg5+ 1-0

[Event "2. Bundesliga West 2011/12"]
[Site "Salzburg"]
[Date "2011.10.08"]
[Round "2"]
[Board "6"]
[White "Huber, Josef"]
[Black "Navratil, Robert"]
[Result "0-1"]
[WhiteElo "1894"]
[BlackElo "2108"]
[PlyCount "98"]
[EventDate "2011.10.07"]
[EventType "team"]
[EventRounds "11"]
[EventCountry "AUT"]
[WhiteTeam "Schwarzach"]
[BlackTeam "ASK Salzburg"]

1.d4 Nf6 2.Nf3 e6 3.e3 c5 4.Bd3 b6 5.Nbd2 Bb7 6.O-O Be7 7.b3 O-O 8.Bb2 Qc7 9.c4
d6 10.Qe2 Nbd7 11.Rad1 g6 12.Rfe1 Rfe8 13.Bb1 Bf8 14.e4 cxd4 15.Bxd4 e5 16.Bb2
Nc5 17.Ba3 a5 18.Bxc5 bxc5 19.Bc2 Bc6 20.a4 Qb7 21.Nb1 Nh5 22.g3 f5 23.Nc3 f4
24.g4 Nf6 25.h3 Qc8 26.Kh2 Ra7 27.Nd5 Bxd5 28.cxd5 Nd7 29.Ng5 Bh6 30.Ne6 Nf8
31.Nxf8 f3 32.Qf1 Rxf8 33.Qh1 Bg5 34.Rd3 Raf7 35.Bd1 Qa6 36.Rxf3 Rxf3 37.Bxf3
Qd3 38.Bg2 Rxf2 39.Qg1 Bf4+ 40.Kh1 Qg3 41.Rf1 Rxf1 42.Bxf1 Qxb3 43.g5 Qxa4 44.h4
Qxe4+ 45.Bg2 Qc2 46.Qf1 c4 47.Kg1 a4 48.Qf3 Qc1+ 49.Bf1 Qe3+ 0-1

[Event "2. Bundesliga West 2011/12"]
[Site "Salzburg"]
[Date "2011.10.08"]
[Round "2"]
[Board "1"]
[White "Levushkina,  Elena"]
[Black "Medvegy, Zoltan"]
[Result "0-1"]
[WhiteElo "2310"]
[BlackElo "2531"]
[PlyCount "146"]
[EventDate "2011.10.07"]
[EventType "team"]
[EventRounds "11"]
[EventCountry "AUT"]
[WhiteTeam "Kufstein / Woergl 2"]
[BlackTeam "ATSV Ranshofen"]

1.e4 c5 2.Nf3 e6 3.c3 Nf6 4.e5 Nd5 5.Bc4 d6 6.d4 cxd4 7.cxd4 Nb6 8.Bb3 Nc6
9.exd6 Bxd6 10.O-O O-O 11.Nc3 Nb4 12.Ne4 Be7 13.a3 N4d5 14.Qd3 Nf6 15.Bc2 Nbd5
16.Nxf6+ Nxf6 17.Bg5 g6 18.Bh6 Re8 19.Ne5 Nd7 20.Qe3 Nxe5 21.dxe5 Bd7 22.Rfd1
Qc7 23.Rac1 Bc6 24.Ba4 Red8 25.Re1 Rd5 26.Bg5 Bxg5 27.Qxg5 Qb6 28.Bxc6 bxc6
29.Rc2 c5 30.h4 h5 31.g4 Qb3 32.Rce2 Qf3 33.Re3 Qxg4+ 34.Qxg4 hxg4 35.Kg2 Rb8
36.R1e2 Rd4 37.Rc3 Rb5 38.Kg3 c4 39.Rec2 Rxe5 40.Rxc4 Red5 41.Rxd4 Rxd4 42.Rc7
a5 43.Rb7 a4 44.Rb4 e5 45.Rb5 f6 46.Rb7 Kf8 47.Ra7 Rf4 48.Rb7 f5 49.Ra7 Rf3+
50.Kg2 Rb3 51.Rxa4 Kg7 52.Ra7+ Kh6 53.a4 Rxb2 54.a5 Ra2 55.a6 g5 56.h5 Kxh5
57.Ra8 Kg6 58.Rg8+ Kf7 59.Ra8 Kg7 60.Ra7+ Kg6 61.Ra8 e4 62.Kg3 Ra3+ 63.Kg2 f4
64.a7 Kg7 65.Re8 Rxa7 66.Rxe4 Ra2 67.Kg1 Ra3 68.Re6 Kf7 69.Rb6 g3 70.fxg3 Rxg3+
71.Kf2 Re3 72.Ra6 Re6 73.Ra8 Kg6 0-1

[Event "2. Bundesliga West 2011/12"]
[Site "Salzburg"]
[Date "2011.10.08"]
[Round "2"]
[Board "2"]
[White "Menacher, Manfred"]
[Black "Maurer, Jochen"]
[Result "0-1"]
[WhiteElo "2307"]
[BlackElo "2272"]
[PlyCount "94"]
[EventDate "2011.10.07"]
[EventType "team"]
[EventRounds "11"]
[EventCountry "AUT"]
[WhiteTeam "ATSV Ranshofen"]
[BlackTeam "Kufstein / Woergl 2"]

1.Nf3 Nf6 2.c4 g6 3.g3 Bg7 4.Bg2 O-O 5.O-O d6 6.d4 Nc6 7.Nc3 a6 8.b3 Rb8 9.Bb2
b5 10.d5 Na5 11.cxb5 axb5 12.Nd4 b4 13.Na4 e5 14.Nc6 Nxc6 15.dxc6 Be6 16.Qc2 h5
17.Rad1 Qc8 18.Bc1 h4 19.e4 Nh5 20.Qe2 hxg3 21.fxg3 Bg4 22.Bf3 Bxf3 23.Rxf3 Qg4
24.Rdf1 f5 25.Qc4+ Kh8 26.exf5 Qxc4 27.bxc4 e4 28.Rb3 gxf5 29.Bd2 Bd4+ 30.Kh1
Ng7 31.Bxb4 Ne6 32.Be1 Ra8 33.Nc3 Nc5 34.Rb1 Nd3 35.Ne2 Bc5 36.Nf4 Nxe1 37.Rfxe1
Rfb8 38.Rb7 Bb6 39.Rb1 e3 40.a4 Re8 41.c5 dxc5 42.R1xb6 cxb6 43.Ng6+ Kg8 44.Ne7+
Kf7 45.Nxf5+ Kf6 46.Nxe3 Rxe3 47.Rxb6 Re6 0-1

[Event "2. Bundesliga West 2011/12"]
[Site "Salzburg"]
[Date "2011.10.08"]
[Round "2"]
[Board "4"]
[White "Zoister, Stefan"]
[Black "Blaskowski, Johannes"]
[Result "1/2-1/2"]
[WhiteElo "2229"]
[BlackElo "2303"]
[PlyCount "49"]
[EventDate "2011.10.07"]
[EventType "team"]
[EventRounds "11"]
[EventCountry "AUT"]
[WhiteTeam "ATSV Ranshofen"]
[BlackTeam "Kufstein / Woergl 2"]

1.e4 c5 2.Nf3 e6 3.d4 cxd4 4.Nxd4 Nf6 5.Bd3 Qb6 6.Nb3 Nc6 7.O-O a6 8.Bf4 d6
9.N1d2 Qc7 10.Nc4 b5 11.Ne3 Be7 12.a4 b4 13.Nc4 a5 14.Qe2 Ne5 15.Nxe5 dxe5
16.Bg3 O-O 17.Rfe1 Rd8 18.c3 Qd6 19.Bb5 Bb7 20.Red1 Qc7 21.cxb4 Bxb4 22.Re1 Qd6
23.Red1 Qe7 24.Re1 Qd6 25.Red1 1/2-1/2

[Event "2. Bundesliga West 2011/12"]
[Site "Salzburg"]
[Date "2011.10.08"]
[Round "2"]
[Board "5"]
[White "Kranewitter, Norbert"]
[Black "Ager, Josef"]
[Result "0-1"]
[WhiteElo "2097"]
[BlackElo "2195"]
[PlyCount "125"]
[EventDate "2011.10.07"]
[EventType "team"]
[EventRounds "11"]
[EventCountry "AUT"]
[WhiteTeam "Kufstein / Woergl 2"]
[BlackTeam "ATSV Ranshofen"]

1.Nf3 g6 2.d4 Bg7 3.c4 d6 4.Nc3 Nd7 5.e4 e5 6.d5 a5 7.Be2 Ngf6 8.O-O O-O 9.Be3
Nc5 10.Qc2 b6 11.b3 Bd7 12.Nd2 Ne8 13.g4 Qh4 14.f3 Bh6 15.Bf2 Qg5 16.Rfd1 Qd8
17.Kh1 Kh8 18.Rg1 f5 19.Rg2 Qe7 20.Rag1 fxg4 21.fxg4 Rxf2 22.Rxf2 Be3 23.Rfg2
Bxg1 24.Rxg1 Ng7 25.Rf1 Rf8 26.Qd1 Rf4 27.a3 Qg5 28.b4 Nb7 29.Nb3 h6 30.bxa5
bxa5 31.Rxf4 Qxf4 32.Qd2 g5 33.Qxf4 gxf4 34.a4 Ne8 35.Kg2 Kg7 36.h3 Kf6 37.Kf3
Kg5 38.Nb5 h5 39.gxh5 Bxh3 40.Kf2 Bd7 41.Bf3 Bxb5 42.cxb5 Nf6 43.Nd2 Nc5 44.Nc4
Nxa4 45.Nxa5 Nc5 46.b6 cxb6 47.Nc4 Nfxe4+ 48.Bxe4 Nxe4+ 49.Kf3 Kf5 50.Nxb6 Ng5+
51.Ke2 Ke4 52.h6 Kd4 53.Nd7 Nh7 54.Kf3 Kxd5 55.Kg4 Ke6 56.Nb6 Nf6+ 57.Kg5 f3
58.Nc4 d5 59.Ne3 d4 60.Ng4 d3 61.Nxf6 f2 62.h7 f1=Q 63.h8=Q 0-1

[Event "2. Bundesliga West 2011/12"]
[Site "Salzburg"]
[Date "2011.10.08"]
[Round "2"]
[Board "6"]
[White "Riediger, Martin"]
[Black "Steinbacher, Thomas"]
[Result "1-0"]
[WhiteElo "2232"]
[BlackElo "2053"]
[PlyCount "113"]
[EventDate "2011.10.07"]
[EventType "team"]
[EventRounds "11"]
[EventCountry "AUT"]
[WhiteTeam "ATSV Ranshofen"]
[BlackTeam "Kufstein / Woergl 2"]

1.c4 e5 2.g3 Nc6 3.Nc3 f5 4.Bg2 Nf6 5.d3 Bc5 6.e3 d6 7.a3 a5 8.Nge2 O-O 9.d4 Ba7
10.b3 Bd7 11.Bb2 Qe7 12.Nd5 Nxd5 13.Bxd5+ Kh8 14.O-O Nd8 15.Bg2 Bc6 16.dxe5 dxe5
17.Bxc6 Nxc6 18.Nc3 Rad8 19.Nd5 Qf6 20.Qc2 f4 21.Qe4 f3 22.h3 Bc5 23.Rfd1 Bd6
24.Bc3 b6 25.Nxb6 Rb8 26.c5 Qe6 27.Qg4 Qf7 28.Qe4 Qe6 29.Kh2 Bxc5 30.Nd7 Be7
31.Nxb8 Rxb8 32.b4 h6 33.Rac1 Rf8 34.b5 Na7 35.Qxe5 Qxe5 36.Bxe5 Nxb5 37.a4 Bd6
38.Bxd6 Nxd6 39.Rxc7 Ne4 40.Rdc1 Rf6 41.R1c2 Rd6 42.Rf7 Ng5 43.Rf8+ Kh7 44.h4
Ne4 45.Rf4 Nf6 46.Rxf3 Rd1 47.Rc5 Ra1 48.Rxf6 gxf6 49.Rxa5 Kg6 50.h5+ Kf7 51.g4
Ke6 52.Ra8 Ke5 53.a5 f5 54.g5 hxg5 55.h6 Ra4 56.f4+ gxf4 57.h7 1-0